LEADER 01123nam a2200265 4500 001 000000365431 003 CaOOAMICUS 005 20251125115136.0 008 251125s2025 it 000 u ita r 020 $a978-88-399-4204-3 040 $aSeMil$bita 100 1 $aCanobbio, Giacomo,$d<1945- >.$0(OLS)http://semarc/name/2572 245 10$aVescovi e presbiteri, in una Chiesa sinodale /$cGiacomo Canobbio ; con la collaborazione di Luca Garbinetto. 264 1$aBrescia :$bQueriniana,$c2025. 300 $a88 p. ;$c21 cm 490 1 $aPassi di sinodalità 650 4$aSinodi.$0(OLS)http://semarc/subject/2774 700 1 $aGarbinetto, Luca.$0(OLS)http://semarc/name/73756 830 0$aPassi di sinodalità.$0(OLS)http://semarc/title/456346 850 $aSeMil 852 $aSeMil$W1$xVenegono$y1$m2BA Q 2$j264808$B256261$CSeMilBibl$Z2$F256261 $81 996 $6020$a978-88-399-4204-3$9(OLS)http://semarc/number/304780 996 $6245$aVescovi e presbiteri, in una Chiesa sinodale$9(OLS)http://semarc/title/457011 996 $6264$aBrescia :$bQueriniana$9(OLS)http://semarc/publisher/29615 LEADER 01030nam a2200169 i 4500 001 000000217672 003 CaOOAMICUS 005 20121212000000.0 008 121212s1839 xx u000 u lat u 013 $a196569 040 $aSeMil$bita 245 10$aBenedicti 14. ... opus De Servorum Dei beatificatione, et beatorum canonizatione in septem volumina distributum. Tomus secundus continens librum secundum, atque appendices ad eum pertinentes. 300 $a599 p. 773 0 $aBenedictus XIV $tBenedicti 14. Pont. Opt. Max. opera omnia in tomos 17 distributa.$bEditio novissima ad postremam remondinianam omnino exacta.$dPrati : Typographia Aldina, 1839-1852.$g2$w()27828 850 $aSeMil 852 $aSeMil$W1$xVenegono$y1$m2H IV 3 FA$j168086$B168086$CSeMilBibl$Z2$F178862 $8I 996 $6245$aBenedicti 14. ... opus De Servorum Dei beatificatione, et beatorum canonizatione in septem volumina distributum. Tomus secundus continens librum secundum, atque appendices ad eum pertinentes$9(OLS)http://semarc/title/312726